Dream Minecraft Manhunt Hunters Quiz - Statistics

General Stats
  • This quiz has been taken 5 times
  • The average score is 5 of 11
Answer Stats
Hint Answer % Correct
5th Awesamdude
80%
1st GeorgeNotFound
80%
2nd Sapnap
80%
4th AntFrost
60%
3rd BadBoyHalo
60%
6th CaptainPuffy
40%
Speedrunner Swap Daquavis
40%
Speedrunner Swap, Manhunt butshared inventory Skeppy
40%
Speedrunner Swap, Manhunt but shared inventory Fantst
20%
Manhunt but shared inventory Bubbo
0%
Manhunt but shared inventory TheRealCarvs
0%
No matching quizzes found
Score Distribution
Percent of People with Each Score
Percentile by Number Answered
Your Score History
You have not taken this quiz